The servant of the muse : a garland for Peter Russell on his sixtieth birthday /

Bibliographic Details
Other Authors: Russell, Peter, 1921-2003, Hogg, James
Format: Book
Language:English
Published: Salzburg : Institut fur Anglistik und Amerkanistik, Universitat Salzburg, 1981.
Series:Salzburg studies in English literature.
Salzburg studies in English literature. Poetic drama & poetic theory ; 65.
Subjects:

MARC

Tag First Indicator Second Indicator Subfields
LEADER 00000cam a2200000 a 4500
001 in00000548621
005 20151014050903.0
008 811216s1981 au b 01000 eng d
035 |a (OCoLC)08000844 
035 |9 ACJ0997AM 
040 |a IBV  |c IBV  |d TXA  |d UtOrBLW 
049 |a TXAM  |c [1390776] 
090 |a PR6035.U8115  |b Z9 1981 
245 0 4 |a The servant of the muse :  |b a garland for Peter Russell on his sixtieth birthday /  |c edited by James Hogg. 
264 1 |a Salzburg :  |b Institut fur Anglistik und Amerkanistik, Universitat Salzburg,  |c 1981. 
300 |a viii, 224 pages ;  |c 21 cm. 
336 |a text  |b txt  |2 rdacontent 
337 |a unmediated  |b n  |2 rdamedia 
338 |a volume  |b nc  |2 rdacarrier 
490 1 |a Salzburg studies in English literature 
490 1 |a Poetic drama & poetic theory ;  |v 65 
504 |a Includes bibliographical references. 
600 1 0 |a Russell, Peter,  |d 1921-2003. 
700 1 |a Russell, Peter,  |d 1921-2003. 
700 1 |a Hogg, James. 
830 0 |a Salzburg studies in English literature. 
830 0 |a Salzburg studies in English literature.  |p Poetic drama & poetic theory ;  |v 65. 
999 |a MARS 
999 f f |s f786c346-53dd-31b5-b6ca-67d88001775c  |i f9b16328-be27-39a1-81e7-c114b28dbd68  |t 0 
952 f f |p ric  |a Texas A&M University  |b Rellis Campus  |c Joint Library Facility  |d Remote Storage  |t 0  |e PR6035.U8115 Z9 1981  |h Library of Congress classification  |i unmediated -- volume  |m A14808911040 
998 f f |a PR6035.U8115 Z9 1981  |t 0  |l Remote Storage